| 000 | 00990 a2200193 4500 | ||
|---|---|---|---|
| 001 | 27421 | ||
| 005 | 20260407155549.0 | ||
| 008 | 260407a1973 arg spa d | ||
| 003 | AR-UNSa-BCEJYS | ||
| 040 |
_aAR-UNSa-BCEJYS _bspa _cAR-UNSa-BCEJYS |
||
| 080 |
_a658.5 _xPlanificación y control de la producción |
||
| 245 | 1 | 0 |
_aTécnicas modernas para el planeamiento y control de producción _pExplicación, análisis y desarrollo ejemplificado de técnicas para llevar a cabo esta función |
| 264 | 1 |
_aBuenos Aires : _bAstrea _c1973 |
|
| 300 |
_a617 p. _c22 cm. |
||
| 505 | _a1. Organización : Análisis y pronóstico - 2. Planeamiento de productos y de materiales - 3. Control de los stocks - 4. Tiempos y muestreos - 5. Programación - 6. Lanzamiento y control - 7. Programación por camino crítico y empleo de otras técnicas - 8. Introducción a la contabilidad industrial - Apéndice. | ||
| 942 | _cBK | ||
| 590 | _aniveau_biblio:m niveau_hierar:0 | ||
| 100 | 1 | _aMunier, Nolberto J. | |
| 999 |
_c1587 _d1587 |
||